000
00192nam a22000857a 4500
008
161205b xxu||||| |||| 00| 0 eng d
100
_9
1791
_a
Sha
245
_a
Hindi Story
260
_a
New Delhi
_c
2001
999
_c
4500
_d
4500